#1 Hip-Hop/R&B Songs of the 2020s - Statistics

General Stats
  • This quiz has been taken 1,165 times
    606 since last reset
  • The average score is 35 of 47
Answer Stats
Year Weeks Song Artist % Correct
2023 1 First Person Shooter Drake
97%
2023 1 Slime You Out Drake
97%
2023 1 Search & Rescue Drake
97%
2022 1 Jimmy Cooks Drake
97%
2021 2 Way 2 Sexy Drake
97%
2021 1 What's Next Drake
97%
2020 6 Laugh Now Cry Later Drake
97%
2020 1 Toosie Slide Drake
97%
2022 4 Rich Flex Drake / 21 Savage
97%
2022 1 Creepin' Metro Boomin' / The Weeknd / 21 Savage
97%
2021 18 Industry Baby Lil Nas X / Jack Harlow
94%
2020-2021 11 Blinding Lights The Weeknd
93%
2023 7 Paint the Town Red Doja Cat
91%
2020 2 Say So Doja Cat
91%
2022-2023 21 Kill Bill SZA
89%
2021 1 I Hate You SZA
89%
2020 12 The Box Roddy Ricch
87%
2021 4 Up Cardi B
86%
2020 10 WAP Cardi B
86%
2023 1 Meltdown Travis Scott
86%
2020 1 Franchise Travis Scott
86%
2022 10 First Class Jack Harlow
83%
2022 1 Do We Have a Problem? Nicki Minaj / Lil Baby
78%
2020 1 Trollz 6ix9ine / Nicki Minaj
77%
2023 5 Fukumean Gunna
77%
2021 7 Peaches Justin Bieber
73%
2022 1 Super Freaky Girl Nicki Minaj
73%
2020 2 Savage Megan Thee Stallion
68%
2020 9 Rockstar DaBaby
67%
2021 1 my.life J. Cole
65%
2022 5 About Damn Time Lizzo
65%
2021 1 Rumors Lizzo
65%
2021 8 Leave the Door Open Silk Sonic (Bruno Mars & Anderson .Paak)
65%
2022 1 Wait for U Future
61%
2022 9 Bad Habit Steve Lacy
61%
2021 2 Rapstar Polo G
59%
2022 2 Broadway Girls Lil Durk
58%
2023 7 All My Life Lil Durk
56%
2021 1 Hurricane Kanye West
54%
2020 1 The Scotts THE SCOTTS
48%
2022 10 Super Gremlin Kodak Black
47%
2021 1 Calling My Phone Lil Tjay
41%
2022 2 Break My Soul Beyoncé
37%
2020-2021 2 Go Crazy Chris Brown / Young Thug
36%
2019-2020 2 Roxanne Arizona Zervas
33%
2022 2 Big Energy Latto
31%
2022 1 Lift Me Up Rihanna
27%
No matching quizzes found
Score Distribution
Percent of People with Each Score
Percentile by Number Answered
Your Score History
You have not taken this quiz since the last reset